Greece : Update to the Report on the Observance of Standards and Codes, 2002-Fiscal Transparency.

This paper presents an update to the Report on the Observance of Standards and Codes on Fiscal Transparency for Greece. The government has initiated steps toward improving auditing. The Ministry of Economy and Finance is undertaking a comparative examination of its auditing mechanism against those u...

Description complète

Détails bibliographiques
Collectivité auteur: International Monetary Fund
Format: Revue
Langue:English
Publié: Washington, D.C. : International Monetary Fund, 2002.
Collection:IMF Staff Country Reports; Country Report ; No. 2002/057
Sujets:
Accès en ligne:Full text available on IMF
LEADER 01872cas a2200313 a 4500
001 AALejournalIMF001916
008 230101c9999 xx r poo 0 0eng d
020 |c 5.00 USD 
020 |z 9781451816143 
022 |a 1934-7685 
040 |a BD-DhAAL  |c BD-DhAAL 
110 2 |a International Monetary Fund. 
245 1 0 |a Greece :   |b Update to the Report on the Observance of Standards and Codes, 2002-Fiscal Transparency. 
264 1 |a Washington, D.C. :  |b International Monetary Fund,  |c 2002. 
300 |a 1 online resource (3 pages) 
490 1 |a IMF Staff Country Reports 
500 |a <strong>Off-Campus Access:</strong> No User ID or Password Required 
500 |a <strong>On-Campus Access:</strong> No User ID or Password Required 
506 |a Electronic access restricted to authorized BRAC University faculty, staff and students 
520 3 |a This paper presents an update to the Report on the Observance of Standards and Codes on Fiscal Transparency for Greece. The government has initiated steps toward improving auditing. The Ministry of Economy and Finance is undertaking a comparative examination of its auditing mechanism against those used by the European Union (EU) and by other advanced economies. It is also making use of the experience gained through the auditing of programs that are financed jointly by national and EU funds. It is intended that all expenditures would be subject to audit prior to expenditure approval. 
538 |a Mode of access: Internet 
650 7 |a CR  |2 imf 
650 7 |a EU Legislation  |2 imf 
650 7 |a ISCR  |2 imf 
650 7 |a Post Program Evaluation  |2 imf 
650 7 |a Spending Ministry  |2 imf 
651 7 |a Greece  |2 imf 
830 0 |a IMF Staff Country Reports; Country Report ;  |v No. 2002/057 
856 4 0 |z Full text available on IMF  |u http://elibrary.imf.org/view/journals/002/2002/057/002.2002.issue-057-en.xml  |z IMF e-Library